| 000 | 01037cam a22002891a 4500 | ||
|---|---|---|---|
| 001 | gs 56000154 | ||
| 003 | DLC | ||
| 005 | 20260227111404.0 | ||
| 008 | 780627s1956 dcuab b f000 0 eng | ||
| 010 | _ags 56000154 | ||
| 035 | _a(OCoLC)4011946 | ||
| 040 |
_aDLC _cOClU _dDNAL _dOCoLC _dDLC |
||
| 050 | 0 | 0 |
_aQE75 _b.B9 no. 1016 |
| 051 |
_aTN805.A7 _bB3 _cCopy 2. |
||
| 070 | 0 |
_a407 _bG29B no.1016 |
|
| 072 | 0 | _aX400 | |
| 100 | 1 |
_aBarnes, Farrell F. _q(Farrell Francis), _d1905- |
|
| 245 | 1 | 4 |
_aThe Wishbone Hill district, Matanuska coal field, Alaska, _cby Farrell F. Barnes and Thomas G. Payne. |
| 260 |
_aWashington, _bU.S. Govt. Print. Off., _c1956. |
||
| 300 |
_avi, 88 p. _billus., maps. _c24 cm. |
||
| 410 | 1 | 0 |
_aUnited States. _bGeological Survey. _tBulletin _v1016 |
| 500 | _aTwenty folded leaves in pocket. | ||
| 504 | _aBibliography: p. 84-85. | ||
| 650 | 0 |
_aCoal _zAlaska _zWishbone Hill district. |
|
| 650 | 0 |
_aGeology _zAlaska _zWishbone Hill district. |
|
| 700 | 1 |
_aPayne, Thomas G. _q(Thomas Gibson), _d1915- _ejoint author. |
|
| 999 |
_c29061 _d29061 |
||